000 00408cam a22001337a 4500
008 180718b1963 xxu||||| |||| 00| 0 eng d
082 _aT000x54 D954e
100 _aDutt, Bhabatosh
245 _aEssays in plan economics: a commentary on Indian planning experience
_cby Bhabatosh Dutt
260 _aCalcutta
_bWorld Press
_c1963
300 _a190p.
500 _aRs.10.00
650 _aEconomic Planning - India
999 _c364492
_d364492